• 首页
  • 本馆介绍
  • 公告通知
  • 最新文献
  • 馆藏检索
  • 电子资源
  • 读者导购
  • 参考咨询
  • 我的图书馆
  • 登录
  • 详细信息显示
  • 放入我的书架
  • 预约/预借图书
  • 作者相关作品
  • 分类相关作品
  • 丛书相关作品
  • 出版社相关作品

书目信息

  • 表格格式
  • 工作单格式
  • 卡片格式
题名:
语言之花
    
 
作者: 耿文辉 著
分册:  
出版信息: 沈阳   辽宁人民出版社  1982.11
页数: 216页
开本: 19cm
丛书名:
单 册:
中图分类: I277.7
科图分类:
主题词: 民间文学--中国
电子资源:
ISBN:
000 00537nam0 2200193 45
001 0312221749
005 20060913080802.21
010    @dCNY0.50
091    @a7090.200
100    @a20031222d1982 km y0chiy0120 ea
101    @achi
200 1  @a语言之花@AYu Yan Zhi Hua@f耿文辉著@FGeng Wen Hui Zhu@e动植物山水喻谚语
210    @a沈阳@c辽宁人民出版社@d1982.11
215    @a216页@d19cm
606 0  @a民间文学@x中国
690    @aI277.7@v3
701 0  @a耿文辉@4著
801    @aCN@bTSTCL@c20060913
905    @dI277.7@e36@f2@b81580-581@b81585-587@f3
    
    语言之花/耿文辉著:动植物山水喻谚语.-沈阳:辽宁人民出版社,1982.11
    216页;19cm
    
    
    ISBN :CNY0.50
    
●
相关链接 在E读中查询图书 在五车中查询图书 在当当中查询图书 在豆瓣中查询图书


正题名:语言之花     索取号:I277.7/36         预约/预借

序号 登录号 条形码 馆藏地/架位号 状态 备注
1 0081579   001709547   密集书库/ [索取号:I277.7/36] 在馆    
2 0081580   000039087   密集书库/ [索取号:I277.7/36] 在馆    
3 0081581   000039078   密集书库/ [索取号:I277.7/36] 在馆    
4 0081582   001709583   密集书库/ [索取号:I277.7/36] 在馆    
5 0081583   001708806   密集书库/ [索取号:I277.7/36] 在馆    
6 0081584   001708753   密集书库/ [索取号:I277.7/36] 在馆    
7 0081585   000039103   第一样本阅览室/ [索取号:I277.7/36] 在馆    
8 0081586   000039069   第二借阅区/ [索取号:I277.7/36] 在馆    
9 0081587   000039096   密集书库/ [索取号:I277.7/36] 在馆    
10 0081588   001708726   密集书库/ [索取号:I277.7/36] 在馆    
11 0081589   000039087   密集书库/ [索取号:I277.7/36] 在馆    
12 0475054   204750545   密集书库/ [索取号:I277.7/36] 在馆    
唐山师范学院图书馆 欢迎您!
大连网信软件有限公司© 版权所有